Do You Even Meme? #2 - Statistics

General Stats
  • This quiz has been taken 47 times
  • The average score is 15 of 16
Answer Stats
Hint Answer % Correct
Disaster Girl
98%
Flex Tape
98%
This is Fine
98%
Tuxedo Winnie the Pooh
98%
Disappointed Black Guy
95%
Spongebob's Rainbow
95%
I Bet He's Thinking About Other Woman
93%
Inhaling Seagull
93%
Spider-Man Triple
93%
They're The Same Picture
93%
Two Buttons
93%
Monkey Puppet
91%
You Guys are Getting Paid?
89%
Roll Safe Think About It
86%
One Does Not Simply
84%
Who Killed Hannibal
77%
No matching quizzes found
Score Distribution
Percent of People with Each Score
Percentile by Number Answered
Your Score History
You have not taken this quiz